| 000 | 00764nas a2200253 4500 | ||
|---|---|---|---|
| 001 | BR7306525 | ||
| 003 | BR-BrBNA | ||
| 005 | 20231205082610.0 | ||
| 007 | ta | ||
| 008 | 230509b bl.|||p| |||| 00| 00por d | ||
| 040 |
_aBR-BrBNA _bpor _cBiblioteca Nacional de Agricultura |
||
| 041 | _a(Pt) | ||
| 072 | _aL70 | ||
| 100 | 1 | _aAlvarenga, J. de | |
| 100 | 1 | _aSilva, J.A.P. da | |
| 245 | 1 | _aModelo de suporte para genital de femeas de animais de grande porte [bovino, equino] | |
| 650 | _aVETERINARIA | ||
| 650 | _aBOVINO | ||
| 650 | _aEQUINO | ||
| 650 | _aAPARELHO REPRODUTOR | ||
| 773 | 0 |
_tAtualidades Agroveterinarias (Brazil) _xISSN 0100-2643 _g(Nov 1976), v. 4(25) p. 10-11 _wBR7306525 |
|
| 909 |
_a202311 _bLúcia _c55 _dLúcia Elande |
||
| 942 |
_2AGRIS _n0 _cANA |
||
| 999 |
_c93118 _d93118 |
||